Name the Skins characters full names (3 gens) Quiz Stats

 Plays Quiz not verified by Sporcle

Challenge
Share
Tweet
Embed
Score 0/27 Timer 06:00
0 Plays Today
? Character % Correct
Gen 1Tony Stonem
97.6%
Gen 1/2Effy Stonem
92.7%
Gen 2James Cook
83.8%
Gen 2Emily Fitch
79.3%
Gen 2Katie Fitch
79%
Gen 1Sid Jenkins
75.6%
Gen 2Naomi Campbell
69.5%
Gen 2Pandora Moon
66.8%
Gen 1Cassie Ainsworth
62.2%
Gen 1Chris Miles
61.9%
Gen 2Freddie McClair
58.2%
Gen 3Grace Blood
58.2%
Gen 2 JJ Jones
57%
Gen 1 Maxxie Oliver
56.1%
? Character % Correct
Gen 1Michelle Richardson
54.3%
Gen 1Jal Fazer
49.4%
Gen 3Franky Fitzgerald
45.1%
Gen 3Matty Levan
42.7%
Gen 3Nick Levan
42.4%
Gen 3Mini McGuinness
42.4%
Gen 2Thomas Tomone
41.2%
Gen 3Alo Creevey
40.2%
Gen 3Liv Malone
39%
Gen 3Rich Hardbeck
38.4%
Gen 1Anwar Kharral
36.6%
Gen 1Sketch
36%
Gen 3Alex Henley
24.4%

You're not logged in!

Compare scores with friends on all Sporcle quizzes.
Join for Free
OR
Log In

You Might Also Like...

Show Comments

Extras

Top Quizzes Today


Score Distribution

Your Account Isn't Verified!

In order to create a playlist on Sporcle, you need to verify the email address you used during registration. Go to your Sporcle Settings to finish the process.

Report this User

Report this user for behavior that violates our Community Guidelines.

Details: